<?xml version="1.0" encoding="UTF-8"?>
<collection xmlns:xsi="http://www.w3.org/2001/XMLSchema-instance" xsi:schemaLocation="http://www.loc.gov/MARC21/slim http://www.loc.gov/standards/marcxml/schema/MARC21slim.xsd" xmlns="http://www.loc.gov/MARC21/slim">
 <record>
  <leader>00000nam a22000007i 4500</leader>
  <controlfield tag="001">UP-1685954869149691424</controlfield>
  <controlfield tag="003">Buklod</controlfield>
  <controlfield tag="005">20240305140835.0</controlfield>
  <controlfield tag="006">m     |  | |      </controlfield>
  <controlfield tag="007">ta</controlfield>
  <controlfield tag="008">240305s2023    ne   ab r   b|001 0|eng d</controlfield>
  <datafield tag="020" ind1=" " ind2=" ">
   <subfield code="a">9780323855419</subfield>
  </datafield>
  <datafield tag="035" ind1=" " ind2=" ">
   <subfield code="a">23176071</subfield>
  </datafield>
  <datafield tag="037" ind1=" " ind2=" ">
   <subfield code="a">BC-74639</subfield>
   <subfield code="b">SERV Enterprises</subfield>
   <subfield code="c">PhP 12,175.00</subfield>
   <subfield code="n">Prof. Dymphna Javier</subfield>
  </datafield>
  <datafield tag="040" ind1=" " ind2=" ">
   <subfield code="a">DLC</subfield>
   <subfield code="d">BAG</subfield>
   <subfield code="e">rda</subfield>
  </datafield>
  <datafield tag="041" ind1="0" ind2=" ">
   <subfield code="a">eng</subfield>
  </datafield>
  <datafield tag="090" ind1="0" ind2="0">
   <subfield code="a">QC 903</subfield>
   <subfield code="b">H39 2023</subfield>
  </datafield>
  <datafield tag="100" ind1="1" ind2=" ">
   <subfield code="a">Hay, John E.</subfield>
   <subfield code="d">1943-</subfield>
   <subfield code="e">author.</subfield>
  </datafield>
  <datafield tag="245" ind1="1" ind2="0">
   <subfield code="a">Science of weather, climate and ocean extremes</subfield>
   <subfield code="c">John E. Hay.</subfield>
  </datafield>
  <datafield tag="264" ind1=" " ind2="4">
   <subfield code="a">Amsterdam, Netherlands</subfield>
   <subfield code="b">Elsevier</subfield>
   <subfield code="c">[2023]</subfield>
  </datafield>
  <datafield tag="300" ind1=" " ind2=" ">
   <subfield code="a">xi, 384 pages</subfield>
   <subfield code="b">illustrations (chiefly color), color maps</subfield>
   <subfield code="c">24 cm</subfield>
  </datafield>
  <datafield tag="336" ind1=" " ind2=" ">
   <subfield code="a">text</subfield>
   <subfield code="2">rdacontent</subfield>
  </datafield>
  <datafield tag="337" ind1=" " ind2=" ">
   <subfield code="a">unmediated</subfield>
   <subfield code="2">rdamedia</subfield>
  </datafield>
  <datafield tag="338" ind1=" " ind2=" ">
   <subfield code="a">volume</subfield>
   <subfield code="2">rdacarrier</subfield>
  </datafield>
  <datafield tag="490" ind1="0" ind2=" ">
   <subfield code="a">Developments in weathers and climate science</subfield>
  </datafield>
  <datafield tag="504" ind1=" " ind2=" ">
   <subfield code="a">Includes bibliographical references and index.</subfield>
  </datafield>
  <datafield tag="505" ind1="0" ind2=" ">
   <subfield code="a">1. Introduction -- Part I: Changes 2. Changes in Characterising Extremes 3. Have Atmospheric Extremes Changed in the Past? 4. Have the Oceans Also Experienced Changes in Extreme Events? 5. 5 How are Atmospheric Extremes Likely to Change into the Future? 6. How are Marine Extremes Likely to Change into the Future? -- Part II: Causes 7. Drivers of Past and Future Changes in Weather and Climate Extremes 8.  Attribution Methods Related to Past and Projected Changes, and to Extreme Events 9. Atmospheric Extremes: Attribution of Changes and Events 10. Marine Extremes: Attribution of Changes and Events 11. Reflections on Changes and Causes.</subfield>
  </datafield>
  <datafield tag="520" ind1=" " ind2=" ">
   <subfield code="a">&quot;Science of Weather, Climate and Ocean Extremes presents an evidence-based view of the most important ways in which the build-up of greenhouse gases in the atmosphere is affecting both our atmosphere and the oceans. The book provides compelling reasons why concerted action is required to slow the rate at which the atmosphere and oceans are changing. It not only covers longer-term changes in extremes and their causes, but also considers the drivers and attribution of extreme events, including relevant methods and techniques.&quot; --Amazon.</subfield>
  </datafield>
  <datafield tag="650" ind1=" " ind2="0">
   <subfield code="a">Climatic changes.</subfield>
  </datafield>
  <datafield tag="650" ind1=" " ind2="0">
   <subfield code="a">Meteorology.</subfield>
  </datafield>
  <datafield tag="650" ind1=" " ind2="0">
   <subfield code="a">Ocean-atmosphere interaction.</subfield>
  </datafield>
  <datafield tag="650" ind1=" " ind2="0">
   <subfield code="a">Ocean temperature.</subfield>
  </datafield>
  <datafield tag="650" ind1=" " ind2="0">
   <subfield code="a">Natural disasters.</subfield>
  </datafield>
  <datafield tag="710" ind1="2" ind2=" ">
   <subfield code="a">Royal Meteorological Society</subfield>
   <subfield code="e">copyright holder</subfield>
   <subfield code="e">publisher.</subfield>
  </datafield>
  <datafield tag="905" ind1=" " ind2=" ">
   <subfield code="a">FO</subfield>
  </datafield>
  <datafield tag="852" ind1="0" ind2=" ">
   <subfield code="a">UPBAG</subfield>
   <subfield code="b">UPBAG-MAIN</subfield>
   <subfield code="h">QC 903</subfield>
   <subfield code="i">H39 2023</subfield>
  </datafield>
  <datafield tag="942" ind1=" " ind2=" ">
   <subfield code="a">Book</subfield>
  </datafield>
 </record>
</collection>
